000 00536cam a2200205ua 4500
001 4082
008 111219n ii |||gr||||Z||||||eng
020 _a978-81-317-1431-7
040 _cMAIN
082 _a658.4038011
100 _aLaudon, Kenneth C.,
245 1 1 _aManagement information systems
_cby. Kenneth C. Laudon
250 _a6th.
260 _aNew delhi:
_bPearson,
_c2009.
300 _a731p:
_c25cm.
653 _aComputer science
653 _aManagement information systems
700 _aLaudon, Jane P.,
942 _cBK
999 _c3904
_d3904